| 000 | 00000nam##2200000za#4500 |
| 001 | 9.624442 |
| 003 | CaOODSP |
| 005 | 20240212134142 |
| 007 | ta |
| 008 | 150406|1997||||xxc||||| f|0| 0 fre|d |
| 020 | |a0-662-82183-1 |
| 022 | |a1713-0646 |
| 040 | |aCaOODSP|bfre |
| 043 | |an-cn--- |
| 086 | 1 |aNE22-1/1997-8F |
| 110 | 1 |aCanada. |bOffice national de l'énergie. |
| 245 | 10|aCoastal Gas Marketing Company; CoEnergy Trading Company; Enron Capital & Trade Resources Corp.; Ranger Oil Limited; United States Gypsum Company; Westcoast Gas Services Inc. : |bdemandes de licence d'exportation de gaz présentées aux termes de la partie VI de la Loi sur l'Office national de l'énergie |
| 260 | |aCalgary - Alberta : |bOffice national de l'énergie |cSeptembre 1997. |
| 300 | |a53p. : |btableaux ; |c28 cm. |
| 490 | 1 |aMotifs de décision|x1713-0646 |
| 563 | |aCouverture souple |
| 590 | |a97-41|b1997-10-10 |
| 775 | 08|tCoastal Gas Marketing Company; CoEnergy Trading Company; Enron Capital & Trade Resources Corp.; Ranger Oil Limited; United States Gypsum Company; Westcoast Gas Services Inc. : |w(CaOODSP)9.613923 |
| 830 | #0|aMotifs de décision (Canada. Office national de l'énergie)|x1713-0646|w(CaOODSP)9.513162 |
| 986 | |aGHW-1-97 |